000 00853nam a2200217Ia 4500
008 100315s9999 xx 000 0 und d
020 _a0-256-01398-5 
082 _b166 
_a658.4 
100 _a"Scott, W.E., Cummings, L.L. "
245 _aREADINGS IN ORGANIZATIONAL BEHAVIOR AND HUMAN PERFORMANCE
260 _aHomewood 
_bRICHARD D.IRWIN  
_c1973 
300 _a"XII,611P  "
365 _eRupees 
_d
_b0.00 
366 _f
505 _gTushar Jadhav 
530 _b-  
620 _a"Theoretical & Empirical Foundations of Organizational Behavior & Human Performance, Structural & Environmental Determinants of Behavior in Organization, Behavioral Direction "
630 _aREADINGS IN ORGANIZATIONAL BEHAVIOR AND HUMAN PERFORMANCE
730 _aREADINGS IN ORGANIZATIONAL BEHAVIOR AND HUMAN PERFORMANCE
942 _cBOOK
999 _c474901
_d474898